World conqueror 3: comandanti - Statistics

Statistiche generali
  • Questo quiz è stato fatto 5 volte
  • Il punteggio medio è 39 su 155
Statistiche sulle risposte
con Immagini Risposta % Corretto
Alexander
100%
Manstein
100%
Messe
100%
Zhukov
100%
Auchinleck
75%
Badoglio
75%
Cunningham
75%
De gaulle
75%
Dönitz
75%
Dowding
75%
Eisenhower
75%
Fletcher
75%
Göring
75%
Graziani
75%
Guderian
75%
Kesselring
75%
MacArthur
75%
Montgomery
75%
Patton
75%
Petain
75%
Rommel
75%
Vatutin
75%
Yamamoto
75%
Arnold
50%
Balbo
50%
Bock
50%
Bradley
50%
Budyonny
50%
Crerar
50%
Franco
50%
Govorov
50%
Inonu
50%
Konev
50%
Leclerc
50%
Lee
50%
Leeb
50%
Model
50%
Mountbatten
50%
Papagos
50%
Rokossovsky
50%
Tito
50%
Yamashita
50%
Antonescu
25%
Bagramyan
25%
Blamey
25%
Boris
25%
Brauchitsch
25%
Clark
25%
Dempsey
25%
Devers
25%
Doolittle
25%
Dumitrescu
25%
Gamelin
25%
Hata
25%
Heinrici
25%
Horthy
25%
Inoue
25%
Itagaki
25%
Kluge
25%
Kondo
25%
Kuznetsov
25%
Leopold
25%
Lin.B
25%
List
25%
Malinovsky
25%
Mannerheim
25%
Manteuffel
25%
McAuliffe
25%
Nasser
25%
Nimitz
25%
Ozawa
25%
Paulus
25%
Peng.D.H
25%
Phibun
25%
Riccardi
25%
Schörner
25%
Slim
25%
Smigly
25%
Smith
25%
Student
25%
Sun.L.R
25%
Tassigny
25%
Timoshenko
25%
Toyoda
25%
Vasilevsky
25%
Wingate
25%
Bai.C.X
0%
Camacho
0%
Campioni
0%
Cavallero
0%
Chennault
0%
Chen.S.K
0%
Choe
0%
Christian
0%
Chuikov
0%
Chung
0%
Crace
0%
Darlan
0%
Dill
0%
Dutra
0%
Du.Y.M
0%
Eaker
0%
Greim
0%
Halsey
0%
Isakov
0%
Juin
0%
Keitel
0%
King
0%
Kinkaid
0%
Kleist
0%
Koga
0%
Koiso
0%
Krueger
0%
Küchler
0%
Kuribayashi
0%
Liang.X.C
0%
Liu.B.C
0%
Li.Z.R
0%
Mahdi
0%
McCain
0%
Meretskov
0%
Meyer
0%
Mitscher
0%
Muhammad
0%
Nagano
0%
Nagumo
0%
Novikov
0%
Okamura
0%
Olav
0%
Portal
0%
Pound
0%
Raeder
0%
Rundstedt
0%
Shaposhnikov
0%
Simonds
0%
Sokolovsky
0%
Spruance
0%
Stilwell
0%
Terauchi
0%
Thimayya
0%
Umezu
0%
Ushijima
0%
Voronov
0%
Voroshilov
0%
Wavell
0%
Weichs
0%
Winkelman
0%
Witzleben
0%
Xue.Y
0%
Xu.S.Y
0%
Xu.X.Q
0%
Yamaguchi
0%
Zhang.L.F
0%
Zhang.Z.Z
0%
Zhu.D
0%
Nessun quiz corrispondente trovato
Distribuzione punteggi
Percentuale di utenti per punteggio
Percentile per numero di risposta
I tuoi punteggi nel tempo
Non hai fatto questo quiz